000 00403nam a2200157Ia 4500
008 210716s2007 xx 000 0 und d
020 _a9780070593749
041 _aeng
082 _a004 NORP
100 _aNorton,Peter.
245 _aPeter Nortons introduction to computers.
250 _a6
260 _aNew Delhi
_bTata Mc Graw Hill
_c2007
300 _aXXV,609
650 _aComputer Fundamentals
999 _c188280
_d188280